000 00919nac a22002897a 4500
001 BR9901544
003 BR-BrBNA
005 20240105122203.0
008 230509b bl.|||m| |||| 00| 0 por d
040 _aBR-BrBNA
_bpor
_cBiblioteca Nacional de Agricultura
072 _aL73; L70
090 _a5214 BR9901544
100 1 _aVeiga, V.M. de O.
110 1 _aCentro Nacional de Pesquisa de Gado de Leite, Juiz de Fora, MG (Brasil)
_91776
245 1 _aDiagnostico da mastite bovina
260 3 _aJuiz de Fora, MG (Brasil):
_c1998.
300 _a24 p.
490 _aCircular Tecnica - Centro Nacional de Pesquisa de Gado de Leite (Brazil)
_vno. 51
_xISSN 0101-8757
500 _a14 ref.; 5 illus.
650 _aGado Leiteiro
650 _aMamite
650 _aDiagnostico
650 _aVeterinaria
650 _aTeste de Mamite
909 _a202312
_bLúcia Elande
_c55
_dLúcia Elande
942 _2AGRIS
_n0
_cMS
999 _c289687
_d289687